School Supplies - Statistics

General Stats
  • This quiz has been taken 129 times
  • The average score is 6 of 7
Answer Stats
Hint Answer % Correct
cutting paper scissors
95%
i'm sticky, i'm goey, and 70% of me goes to slime glue
92%
wooden stick used to measure inches and centimeters ruler
92%
made for writing, used for doodling pencil
89%
wax coloring utensils crayons
74%
use this to attatch your papers together (not a paper clip) stapler
70%
you're gonna need a BIG one eraser
53%
No matching quizzes found
Score Distribution
Percent of People with Each Score
Percentile by Number Answered
Your Score History
You have not taken this quiz